[Event "FRA-ch du Nord"]
[Site "France"]
[Date "2003.04.15"]
[Round "7"]
[White "Flament, Frederic"]
[Black "Gambee, Kevin"]
[Result "1-0"]
[WhiteElo "2069"]
[BlackElo "2128"]
[PlyCount "35"]
[EventDate "2003.04.12"]
[EventType "swiss"]
[EventRounds "7"]
[EventCountry "FRA"]
[SourceTitle "EXT 2008"]
[Source "ChessBase"]
[SourceDate "2007.11.25"]
[SourceVersion "1"]
[SourceVersionDate "2007.11.25"]
[SourceQuality "1"]

1. d4 Nf6 2. Nf3 g6 3. c4 Bg7 4. Nc3 d5 5. Bf4 c5 6. dxc5 Qa5 7. e3 Ne4 8. Rc1 Nxc3 9. bxc3 Bxc3+ 10. Nd2 dxc4 11. Bxc4 0-0 12. Qc2 Bg7 13. 0-0 e5 14. Bg5 Nc6 15. Rfd1 h6 16. Qxg6 hxg5 17. Ne4 Bf5 18. Nf6+ 1-0

[Event "FRA-ch du Nord"]
[Site "France"]
[Date "2003.04.13"]
[Round "2"]
[White "Coudenis, Christian"]
[Black "Flament, Frederic"]
[Result "0-1"]
[WhiteElo "1640"]
[BlackElo "2069"]
[PlyCount "36"]
[EventDate "2003.04.12"]
[EventType "swiss"]
[EventRounds "7"]
[EventCountry "FRA"]
[SourceTitle "EXT 2008"]
[Source "ChessBase"]
[SourceDate "2007.11.25"]
[SourceVersion "1"]
[SourceVersionDate "2007.11.25"]
[SourceQuality "1"]

1. d4 Nf6 2. c4 e6 3. Nc3 Bb4 4. Qc2 c5 5. e3 Nc6 6. Nf3 d5 7. dxc5 Bxc5 8. cxd5 Nxd5 9. Nxd5 Qxd5 10. Bd2 0-0 11. Bc4 Qh5 12. 0-0 b6 13. Rad1 Bb7 14. a3 Bd6 15. Bc3 Nd4 16. Rxd4 Bxf3 17. Rxd6 Qg4 18. g3 Qh3 0-1

[Event "FRA-ch du Nord"]
[Site "France"]
[Date "2003.04.12"]
[Round "1"]
[White "Flament, Frederic"]
[Black "Przymusinski, Nicolas"]
[Result "1/2-1/2"]
[WhiteElo "2060"]
[BlackElo "1580"]
[PlyCount "73"]
[EventDate "2003.04.12"]
[EventType "swiss"]
[EventRounds "7"]
[EventCountry "FRA"]
[SourceTitle "EXT 2008"]
[Source "ChessBase"]
[SourceDate "2007.11.25"]
[SourceVersion "1"]
[SourceVersionDate "2007.11.25"]
[SourceQuality "1"]

1. d4 Nf6 2. Nf3 c5 3. d5 e6 4. Nc3 d6 5. e4 g6 6. Bb5+ Nbd7 7. dxe6 fxe6 8. Bf4 a6 9. Be2 Nb6 10. e5 Nh5 11. Bg5 Qc7 12. Nd2 Ng7 13. Nde4 d5 14. Nf6+ Kf7 15. f4 Be7 16. Ng4 Nf5 17. Nh6+ Ke8 18. Nxf5 gxf5 19. Bxe7 Qxe7 20. Qd3 Bd7 21. 0-0-0 Bc6 22. Bh5+ Kd8 23. g4 d4 24. Rhg1 Kc7 25. gxf5 exf5 26. Nb1 Be4 27. Qe2 Rhg8 28. Nd2 Qh4 29. Bf3 Bxf3 30. Qxf3 Qe7 31. Qh3 Qe6 32. Qxh7+ Kc6 33. Qh5 Qxa2 34. Rg6+ Rxg6 35. Qxg6+ Kb5 36. b3 Qa3+ 37. Kb1 1/2-1/2

[Event "FRA-chT2S 0203"]
[Site "France"]
[Date "2003.03.16"]
[Round "9.7"]
[White "Flament, Frederic"]
[Black "Guilbert, Herve"]
[Result "1/2-1/2"]
[WhiteElo "2108"]
[BlackElo "2145"]
[PlyCount "112"]
[EventDate "2002.10.??"]
[EventType "team"]
[EventRounds "11"]
[EventCountry "FRA"]
[SourceTitle "EXT 2004"]
[Source "ChessBase"]
[SourceDate "2003.11.25"]
[SourceVersion "1"]
[SourceVersionDate "2003.11.25"]
[SourceQuality "1"]
[WhiteTeam "Le Touquet"]
[BlackTeam "Clichy II"]
[WhiteTeamCountry "FRA"]
[BlackTeamCountry "FRA"]

1. d4 d6 2. Nf3 g6 3. Bf4 Bg7 4. e3 Nd7 5. h3 e5 6. Bh2 Qe7 7. Be2 f5 8. c4 Nh6 9. Nc3 c6 10. b4 0-0 11. c5 dxc5 12. dxc5 Nf7 13. 0-0 Rd8 14. Qb3 Nf8 15. Bc4 Be6 16. Rad1 Bxc4 17. Qxc4 Ne6 18. Qb3 Kh8 19. Rxd8+ Rxd8 20. Rd1 Rxd1+ 21. Nxd1 Qd7 22. Qc2 e4 23. Ne1 Ne5 24. Nb2 Qd5 25. Bxe5 Bxe5 26. Nc4 Bc7 27. Qc3+ Kg8 28. Kf1 b6 29. cxb6 axb6 30. Qb3 Kf7 31. Ke2 g5 32. Nd2 Qxb3 33. Nxb3 Be5 34. Nc2 Bc3 35. f3 exf3+ 36. Kxf3 Kf6 37. g4 fxg4+ 38. hxg4 Ke5 39. e4 c5 40. Nc1 Nf4 41. bxc5 bxc5 42. Ne3 Bb4 43. Nb3 Kd6 44. Nc4+ Kc6 45. a4 Ne6 46. Nba5+ Kd7 47. e5 Nd4+ 48. Ke4 Ke6 49. Nb7 Nc6 50. a5 Nb8 51. Nd8+ Ke7 52. Nb7 Ke6 53. Nd8+ Ke7 54. Nb7 Ke6 55. Ncd6 Na6 56. Nc4 Nb8 1/2-1/2

[Event "Bethune-B"]
[Site "Bethune"]
[Date "2002.07.14"]
[Round "9.6"]
[White "Swiercz, Kevin"]
[Black "Flament, Frederic"]
[Result "0-1"]
[WhiteElo "2017"]
[BlackElo "2108"]
[PlyCount "86"]
[EventDate "2002.07.06"]
[EventType "tourn"]
[EventRounds "9"]
[EventCountry "FRA"]
[SourceTitle "EXT 2005"]
[Source "ChessBase"]
[SourceDate "2004.11.15"]
[SourceVersion "1"]
[SourceVersionDate "2004.11.15"]
[SourceQuality "1"]

1. e4 c5 2. Nf3 Nc6 3. d4 cxd4 4. Nxd4 Nf6 5. Nc3 e5 6. Ndb5 d6 7. Bg5 a6 8. Na3 b5 9. Nd5 Be7 10. Bxf6 Bxf6 11. c3 Ne7 12. Nxf6+ gxf6 13. g3 Bb7 14. Bg2 f5 15. Qe2 Rc8 16. 0-0 f4 17. gxf4 Ng6 18. fxe5 Nf4 19. Qg4 dxe5 20. Qg7 Ke7 21. Qxe5+ Ne6 22. Rad1 Qb6 23. Qh5 Rc5 24. Qh4+ Ke8 25. Kh1 Rg5 26. f3 Rhg8 27. Qf2 Qxf2 28. Rxf2 Nf4 29. Rdd2 Bc8 30. Nc2 Bh3 31. Ne3 h5 32. Rc2 h4 33. Ng4 Bxg2+ 34. Rxg2 Nxg2 35. Nf6+ Kf8 36. Nxg8 Nf4 37. Nf6 Kg7 38. Ne8+ Kf8 39. Nd6 h3 40. Nf5 Rg6 41. Rd2 Ke8 42. Rd6 Rg2 43. Rxa6 Nd3 0-1

[Event "Bethune-B"]
[Site "Bethune"]
[Date "2002.07.11"]
[Round "7.6"]
[White "Swiercz, Sandra"]
[Black "Flament, Frederic"]
[Result "0-1"]
[WhiteElo "1910"]
[BlackElo "2108"]
[PlyCount "46"]
[EventDate "2002.07.06"]
[EventType "tourn"]
[EventRounds "9"]
[EventCountry "FRA"]
[SourceTitle "EXT 2005"]
[Source "ChessBase"]
[SourceDate "2004.11.15"]
[SourceVersion "1"]
[SourceVersionDate "2004.11.15"]
[SourceQuality "1"]

1. e4 c5 2. Nf3 Nc6 3. d4 cxd4 4. Nxd4 Nf6 5. Nc3 e5 6. Ndb5 d6 7. Bg5 a6 8. Na3 b5 9. Nd5 Be7 10. Bxf6 Bxf6 11. c3 Ne7 12. Nxf6+ gxf6 13. Nc2 Bb7 14. Qd3 d5 15. exd5 Qxd5 16. Qxd5 Nxd5 17. f3 Rg8 18. Kf2 Rd8 19. Ne3 Ke7 20. Be2 Nxe3 21. Kxe3 Rxg2 22. b3 f5 23. Rag1 f4# 0-1

[Event "Bethune-B"]
[Site "Bethune"]
[Date "2002.07.08"]
[Round "4.6"]
[White "Flament, Frederic"]
[Black "Depoorter, Enguerran"]
[Result "0-1"]
[WhiteElo "2108"]
[BlackElo "2052"]
[PlyCount "64"]
[EventDate "2002.07.06"]
[EventType "tourn"]
[EventRounds "9"]
[EventCountry "FRA"]
[SourceTitle "EXT 2005"]
[Source "ChessBase"]
[SourceDate "2004.11.15"]
[SourceVersion "1"]
[SourceVersionDate "2004.11.15"]
[SourceQuality "1"]

1. d4 Nf6 2. Nf3 g6 3. Bf4 Bg7 4. e3 d6 5. c4 c5 6. Nc3 Nh5 7. Bg5 h6 8. Bh4 cxd4 9. Nxd4 Nc6 10. Be2 Nf6 11. Bf3 Ne5 12. Be2 Bd7 13. 0-0 0-0 14. b4 g5 15. Bg3 Ng6 16. Qb3 Rc8 17. Rac1 Kh8 18. Rfd1 Ne8 19. e4 Nc7 20. Nf5 Ne6 21. Nxg7 Kxg7 22. Nd5 Nef4 23. Bxf4 gxf4 24. Qf3 e5 25. Qh5 Kh7 26. Rd3 Rg8 27. Bg4 Bxg4 28. Qxg4 Nh4 29. Qh5 Rxg2+ 30. Kh1 Qg5 31. Qxf7+ Kh8 32. Nf6 Rxh2+ 0-1

[Event "FRA-chT3 Gr8 0102"]
[Site "France"]
[Date "2001.12.09"]
[Round "4"]
[White "Flament, Frederic"]
[Black "Pierret, Aralia"]
[Result "1-0"]
[WhiteElo "2080"]
[BlackElo "1680"]
[PlyCount "61"]
[EventDate "2001.10.??"]
[EventType "team"]
[EventRounds "9"]
[EventCountry "FRA"]
[SourceTitle "EXT 2005"]
[Source "ChessBase"]
[SourceDate "2004.11.15"]
[SourceVersion "1"]
[SourceVersionDate "2004.11.15"]
[SourceQuality "1"]

1. d4 d6 2. Nf3 Nf6 3. Bf4 Nbd7 4. e3 a6 5. c4 c5 6. Nc3 e6 7. Qa4 Be7 8. Nb5 Nb6 9. Nxd6+ Kf8 10. Qa5 Bxd6 11. Bxd6+ Qxd6 12. dxc5 Nxc4 13. Bxc4 Qe7 14. 0-0-0 Bd7 15. Ne5 b5 16. cxb6 g6 17. b7 Rb8 18. Qc7 Kg7 19. Nxd7 Nxd7 20. Rxd7 Qf6 21. Qf4 Qxf4 22. exf4 a5 23. Ba6 Rhe8 24. Rc7 Kf6 25. Rd1 h5 26. Rdd7 Rf8 27. Rc8 a4 28. Rdc7 Kg7 29. Rxf8 Rxf8 30. Rc8 Rxc8+ 31. bxc8Q 1-0

[Event "Paris-ch op"]
[Site "Paris"]
[Date "2001.07.24"]
[Round "4"]
[White "Calistri, Tristan"]
[Black "Flament, Frederic"]
[Result "1-0"]
[WhiteElo "2305"]
[BlackElo "2057"]
[PlyCount "45"]
[EventDate "2001.07.21"]
[EventType "swiss"]
[EventRounds "9"]
[EventCountry "FRA"]
[SourceTitle "CBM 083 Extra"]
[Source "ChessBase"]
[SourceDate "2001.09.11"]
[SourceVersion "1"]
[SourceVersionDate "2001.09.11"]
[SourceQuality "1"]

1. e4 c5 2. Nf3 Nc6 3. d4 cxd4 4. Nxd4 Nf6 5. Nc3 e5 6. Ndb5 d6 7. Bg5 a6 8. Na3 b5 9. Bxf6 gxf6 10. Nd5 Bg7 11. Bd3 Ne7 12. Nxe7 Qxe7 13. c4 f5 14. 0-0 0-0 15. Qf3 Rb8 16. exf5 e4 17. Bxe4 Bxb2 18. Rab1 d5 19. Rxb2 dxe4 20. Qg3+ Kh8 21. Qxb8 Bb7 22. Qg3 Rg8 23. Qe3 1-0

[Event "Ligue-ch"]
[Site "France"]
[Date "2001.??.??"]
[Round "?"]
[White "Bertrand, Xavier"]
[Black "Flament, Frederic"]
[Result "1-0"]
[WhiteElo "2188"]
[BlackElo "2057"]
[PlyCount "49"]
[EventDate "2001.??.??"]
[EventType "swiss"]
[EventRounds "7"]
[EventCountry "FRA"]
[SourceTitle "EXT 2005"]
[Source "ChessBase"]
[SourceDate "2004.11.15"]
[SourceVersion "1"]
[SourceVersionDate "2004.11.15"]
[SourceQuality "1"]

1. d4 Nf6 2. c4 e6 3. Nc3 Bb4 4. Qc2 b6 5. e4 Bb7 6. f3 c5 7. d5 exd5 8. cxd5 d6 9. Bg5 Nbd7 10. Nh3 a6 11. Be2 b5 12. b3 Qc7 13. 0-0 h6 14. Bd2 Rc8 15. Nf2 0-0 16. Kh1 Bxc3 17. Qxc3 Rfe8 18. Bd3 Re7 19. a4 c4 20. bxc4 bxc4 21. Bc2 Nh7 22. g4 Nc5 23. Nd1 Nd3 24. Ne3 Nf4 25. Nf5 1-0

[Event "Ligue-ch"]
[Site "France"]
[Date "2001.??.??"]
[Round "?"]
[White "Flament, Frederic"]
[Black "Israel, Gregory"]
[Result "1/2-1/2"]
[WhiteElo "2057"]
[BlackElo "2021"]
[PlyCount "69"]
[EventDate "2001.??.??"]
[EventType "swiss"]
[EventRounds "7"]
[EventCountry "FRA"]
[SourceTitle "EXT 2005"]
[Source "ChessBase"]
[SourceDate "2004.11.15"]
[SourceVersion "1"]
[SourceVersionDate "2004.11.15"]
[SourceQuality "1"]

1. d4 Nf6 2. Nf3 e6 3. Bf4 c5 4. e3 cxd4 5. exd4 d6 6. Be2 Be7 7. 0-0 Bd7 8. c4 Nc6 9. Nc3 d5 10. Nb5 0-0 11. c5 b6 12. Bc7 Qc8 13. cxb6 axb6 14. Bf4 Qb7 15. a3 Na5 16. Ne5 Rfc8 17. Nc3 Nc4 18. Nxc4 dxc4 19. Bf3 Bc6 20. Bxc6 Qxc6 21. Re1 Rd8 22. Be5 Nd7 23. d5 exd5 24. Qxd5 Nxe5 25. Qxe5 Bf6 26. Qf4 h6 27. h3 Rd3 28. Re3 Bxc3 29. bxc3 Qc5 30. Qf3 Rad8 31. Rae1 Rxe3 32. Qxe3 Qxe3 33. Rxe3 Rd1+ 34. Kh2 Rd3 35. Kg3 1/2-1/2